Central Library OPAC University of Rajshahi

Lectures and essays in criticism / (Record no. 76623)

MARC details
000 -LEADER
fixed length control field 02359nam a2200661 a 4500
001 - CONTROL NUMBER
control field 76623
003 - CONTROL NUMBER IDENTIFIER
rucl marc code BD-RjUL
005 - DATE AND TIME OF LATEST TRANSACTION
control field 20211209082851.0
008 - FIXED-LENGTH DATA ELEMENTS--GENERAL INFORMATION
fixed length control field 191226s1962 miu 001 0 eng d
035 ## - SYSTEM CONTROL NUMBER
System control number (BD-RjUL)76847
040 ## - CATALOGING SOURCE
Original cataloging agency EXW
Transcribing agency EXW
Modifying agency m.c
-- m/c
Language of cataloging eng
041 ## - LANGUAGE CODE
Language code of text/sound track or separate title eng
082 ## - DEWEY DECIMAL CLASSIFICATION NUMBER
Classification number 809.4
Author mark and year ARL 1962
Edition number 19
090 ## - LOCALLY ASSIGNED LC-TYPE CALL NUMBER (OCLC); LOCAL CALL NUMBER (OCLC)
Classification number (OCLC) (R) ; Classification number, CALL (RLIN) (NR) PR4021
Local cutter number (OCLC) ; Book number/undivided call number, CALL (RLIN) .S8 v.3
092 ## - LOCALLY ASSIGNED DEWEY CALL NUMBER (OCLC)
Classification number D0400382688
Classification number 10181437
100 1# - MAIN ENTRY--PERSONAL NAME
Personal name Arnold, Matthew,
Dates associated with a name 1822-1888.
9 (RLIN) 236940
245 10 - TITLE STATEMENT
Title Lectures and essays in criticism /
Statement of responsibility, etc. Matthew Arnold ; edited by R.H. Super, with the assistance of Sister Thomas Marion Hoctor.
260 ## - PUBLICATION, DISTRIBUTION, ETC. (IMPRINT)
Place of publication, distribution, etc. Ann Arbor :
Name of publisher, distributor, etc. University of Michigan Press,
Date of publication, distribution, etc. c1962.
300 ## - PHYSICAL DESCRIPTION
Pagination vi, 578 p. ;
Size 22 cm.
490 1# - SERIES STATEMENT
Series statement The Complete Prose Works of Matthew Arnold ;
Volume/sequential designation 3
500 ## - GENERAL NOTE
General note Includes index.
650 #0 - SUBJECT ADDED ENTRY--TOPICAL TERM
Topical term or geographic name as entry element Criticism.
9 (RLIN) 236941
Topical term or geographic name as entry element Literature
General subdivision History and criticism.
9 (RLIN) 236942
700 1# - ADDED ENTRY--PERSONAL NAME
Personal name Hoctor, Thomas Marion,
Dates associated with a name 1933-
Personal name Super, R. H.
Fuller form of name (Robert Henry),
Dates associated with a name 1914-1996 .
942 ## - ADDED ENTRY ELEMENTS (KOHA)
Source of classification or shelving scheme Dewey Decimal Classification
Koha item type Books
Holdings
Lost status Source of classification or shelving scheme Damaged status Not for loan Collection code Permanent Location Current Location Shelving location Date acquired Total Checkouts Full call number Date last seen Copy number Koha item type
  Dewey Decimal Classification   Not For Loan Non-fiction Central Library, University of Rajshahi Central Library, University of Rajshahi Reading Room 26/12/2019   809.4 ARL 1962 26/12/2019 C-1 Books